| 000 | 00420nam a22001577a 4500 | ||
|---|---|---|---|
| 005 | 20241116142554.0 | ||
| 008 | 241116b |||||||| |||| 00| 0 eng d | ||
| 020 | _a9789988169282 | ||
| 100 | _aOfori-Amankwah E.H. | ||
| 245 | _aOutline of Criminal Law Lectures | ||
| 250 | _a2012 | ||
| 260 |
_aGhana _bOfori-Amankwah _c2012 |
||
| 300 |
_axvii, 193 pages _c21 cm |
||
| 650 |
_2Criminal Law _xGhana |
||
| 942 |
_2lcc _cBK _n0 |
||
| 999 |
_c1265 _d1265 |
||